000 01517nam a2200457 i 4500
001 9144
003 KOSZ 005
005 20210311111613.0
008 070608s1972 pl a f 000 0 pol
015 _aPB 1972/3217
035 _a(PL-WaBN)b19473278-48omnis_nlop
035 _ab19473278
035 _a(OCoLC)830845605
035 _a(PL)b0000019473278
040 _aWA N
_cWA N
_dKOSZ 005/RW
046 _k1968
080 _a621.396.6
080 _a621.382.3
080 _a(083.1)
100 1 _aKobylański, Władysław.
_eAutor
245 1 0 _aOdbiorniki tranzystorowe :
_bporadnik konstruktora amatora /
_cWładysław Kobylański, Sławomir Wolszczak.
250 _aWydanie 3.
260 _aWarszawa :
_bWydawnictwa Naukowo-Techniczne,
_c1972.
300 _a271, [1] stron :
_bilustracje ;
_c23 cm.
336 _aTekst
_btxt
_2rdacontent
337 _aBez urządzenia pośredniczącego
_bn
_2rdamedia
338 _aWolumin
_bnc
_2rdacarrier
380 _aKsiążki
388 _a1901-2000
504 _aBibliografia na stronach 269-271.
658 _aInżynieria i technika
650 7 _aTranzystory
_2DBN
650 7 _aRadioodbiorniki
_2DBN
655 7 _aPoradnik
_2DBN
650 7 _aMontaż
700 1 _aWolszczak, Sławomir.
_eAutor
710 2 _aWydawnictwa Naukowo-Techniczne
_4pbl
856 _uhttp://koha.tu.koszalin.pl/cgi-bin/koha/opac-detail.pl?biblionumber=9144
_yKatalog online BPK
942 _2UKD
_cKS
999 _c9144
_d9144